000 00927nam a2200241Ia 4500
003 OSt
005 20220923221743.0
006 a|||||r|||| 00| 0
007 ta
008 220922b |||||||| |||| 00| 0 hin d
024 _a199,805
037 _cTextual
040 _aARTS
_cARTS
_bhin
041 _2hin
_ahin
082 _aQ2:4, 152K5;L4
100 _aकाणे, पाण्डुरंग वामन; काश्यप, अर्जुन चौबे, अनु
_9165638
245 0 _aधर्मशास्त्र का इतिहास
246 _aDharmashāstra kā itihāsa
260 _aलखनऊ
_b उत्तर प्रदेश शासन
_c1974
650 _aधर्म
942 _hQ2:4, 152K5;L4
_cTEXL
_2CC
999 _c351544
_d351544